Cuentos (Registro nro. 73935)

Detalles MARC
000 -ENCABEZADO
Número de control [NR] 00643nam a2200193Ia 4500
008 - DE LONGITUD FIJA DE DATOS DE ELEMENTOS - INFORMACIÓN GENERAL
Elementos de longitud fija [NR] 130821s1922 sp gr spa
040 ## - FUENTE DE CATALOGACION [NR]
Agencia de catalogación original [NR] Co-BoUCM
Idioma de catalogación [NR] spa
041 00 - CODIGO DE IDIOMA [R]
Código de idioma para texto/pista de sonido o título separado [R] Español
100 1# - ASIENTO PRINCIPAL--NOMBRE PERSONAL [NR]
Nombre personal [NR] Hoffmann, Ernesto Teodoro Amadeo
245 10 - MENCION DE TITULO [NR]
Título [NR] Cuentos
Mención de responsabilidad, etc. [NR] Ernesto Teodoro Amadeo Hoffmann ; traducción C. Gallardo de Mesa
260 ## - PUBLICACION, DISTRIBUCION, ETC. (PIE DE IMPRENTA) [R]
Lugar de publicación, distribución, etc. [R] Madrid (España)
Nombre del editor, distribuidor, etc. [R] Espasa Calpe
Fecha de publicación, distribución, etc. [R] 1922
300 ## - DESCRIPCION FISICA [R]
Extensión [R] 130 páginas
650 ## - ASIENTO SECUNDARIO DE MATERIA - TERMINO TEMATICO [R]
Término temático o nombre geográfico como elemento de entrada [NR] Cuentos alemanes
9 (RLIN) 12250
650 ## - ASIENTO SECUNDARIO DE MATERIA - TERMINO TEMATICO [R]
Término temático o nombre geográfico como elemento de entrada [NR] Literatura alemana
9 (RLIN) 18601
650 ## - ASIENTO SECUNDARIO DE MATERIA - TERMINO TEMATICO [R]
Término temático o nombre geográfico como elemento de entrada [NR] Literatura europea
9 (RLIN) 26524
700 1# - ASIENTO SECUNDARIO - NOMBRE PERSONAL [R]
Nombre personal [NR] Gallardo de Mesa, C.
Término de relación [R]
942 ## - ELEMENTOS DE ENTRADA AGREGADOS (KOHA)
Tipo de ítem principal el descrito en 300a Libro
Tema principal Literatura
Edición 1
Parte restante de la signatura top. H711
Sistema de clasificación DEWEY
Clasificación 848
Título oculto en OPAC No
Existencias
Fecha de último préstamo Total préstamos Signatura topográfica Código de barras Última vez visto Volúmen / Fascículo Ejemplar Price effective from Tipo de ítem Nota pública (OPAC) Perdido Sistema de clasificación Dañado No prestable Tipo de ítem específico Suprimido Ubicación habitual Ubicación actual Localización Fecha de creación Forma de adquisición Costo
21/02/2014 1 848 H711 100116052 11/12/2025 V.1 Ej.1 03/02/2013 Libro Spot Literatura general   DEWEY     Libro   Quinta de Mutis Quinta de Mutis Mezanecs 28/02/2013 Donación 26000.00
08/09/2011   848 H711 100116055 11/12/2025 V.2 Ej.1 03/02/2013 Libro Spot Literatura general   DEWEY     Libro   Quinta de Mutis Quinta de Mutis Mezanecs 28/02/2013 Donación 26000.00
08/09/2011   848 H711 100116056 11/12/2025 V.3 Ej.1 03/02/2013 Libro Spot Literatura general   DEWEY     Libro   Quinta de Mutis Quinta de Mutis Mezanecs 28/02/2013 Donación 26000.00
30/01/2018 1 848 H711 100116079 11/12/2025 V.4 Ej.1 03/02/2013 Libro Spot Literatura general   DEWEY     Libro   Quinta de Mutis Quinta de Mutis Mezanecs 28/02/2013 Donación 26000.00
08/09/2011   848 H711 100116078 11/12/2025 V.6 Ej.1 03/02/2013 Libro Spot Literatura general   DEWEY     Libro   Quinta de Mutis Quinta de Mutis Mezanecs 28/02/2013 Donación 26000.00
08/09/2011   848 H711 100116076 11/12/2025 V.7 Ej.1 03/02/2013 Libro Spot Literatura general   DEWEY     Libro   Quinta de Mutis Quinta de Mutis Mezanecs 28/02/2013 Donación 26000.00
08/09/2011   848 H711 100116039 11/12/2025 V.8 Ej.1 03/02/2013 Libro Spot Literatura general   DEWEY     Libro   Quinta de Mutis Quinta de Mutis Mezanecs 28/02/2013 Donación 26000.00
08/09/2011   848 H711 100116094 11/12/2025 V.9 Ej.1 03/02/2013 Libro Spot Literatura general   DEWEY     Libro   Quinta de Mutis Quinta de Mutis Mezanecs 28/02/2013 Donación 26000.00